| 000 | 00689nam a22001817a 4500 | ||
|---|---|---|---|
| 008 | 090612t xxu||||| |||| 00| 0 eng d | ||
| 020 | _a0131642243 | ||
| 050 |
_aHD58.7 _b.R62 2004 |
||
| 100 | _aRobbins, Stephen P. | ||
| 245 |
_aOrganizational behavior _cStephen P. Robbins |
||
| 250 |
_a11th _bed. |
||
| 260 |
_aNew Jersey _bPearson Education _c2004 |
||
| 300 |
_axxiii, 649p. ; _c27.5cm |
||
| 500 | _aIncludes bibliographical references and index | ||
| 650 | _2Organizational behavior | ||
| 942 |
_2lcc _cBK |
||
| 999 |
_c35046 _d35046 |
||